000 00745nam a2200241 a 4500
001 65869
003 BD-RjUL
005 20211209081456.0
008 170313m19681963enka b 001 0 eng
035 _a(BD-RjUL)65999
040 _aDLC
_cDLC
_dBD-RjUL
_beng
041 1 _aengrus
082 0 0 _a597
_223
_bNIE 1963
100 1 _aNikolʹskiĭ, G. V.
_q(Georgiĭ Vasilʹevich),
_d1910-1977.
_9194783
245 1 4 _aThe ecology of fishes /
_cG V Nikolsky
260 _aLondon :
_aNew York,
_bAcademic Press,
_c1963 [printing 1968]
300 _a352 p. :
_bill. ;
_c24 cm.
504 _aIncludes bibliography and index
650 0 _aFishes
_xEcology.
_9194784
650 0 _aAnimal ecology.
_9194785
942 _2ddc
_cBK
999 _c65869
_d65869